书目信息 |
| 题名: |
土地房产法律关联集成
|
|
| 作者: | ;中国法制出版社 编 | |
| 分册: | ||
| 出版信息: | 北京 中国法制出版社 2007.11 |
|
| 页数: | 634页 | |
| 开本: | 21cm | |
| 丛书名: | 用法条注释法条 | |
| 单 册: | ||
| 中图分类: | D922.305 | |
| 科图分类: | ||
| 主题词: | 土地法--tu di fa--法律解释--中国--汇编 | |
| 电子资源: | ||
| ISBN: | 978-7-80226-305-5 | |
| 000 | 00949nam 2200265 450 | |
| 001 | 012008306177 | |
| 005 | 20080123173609.32 | |
| 010 | @a978-7-80226-305-5@dCNY45.00 | |
| 100 | @a20080123d2007 em y0chiy0120 ea | |
| 101 | 0 | @achi |
| 102 | @aCN@b110000 | |
| 105 | @ay z 000yy | |
| 106 | @ar | |
| 200 | 1 | @a土地房产法律关联集成@Atu di fang chan fa lu guan lian ji cheng |
| 210 | @a北京@c中国法制出版社@d2007.11 | |
| 215 | @a634页@d21cm | |
| 225 | 2 | @a用法条注释法条@Ayong fa tiao zhu shi fa tiao |
| 314 | @a责任者取自版权页。 | |
| 330 | @a本书“土地房产”主题包括《中华人民共和国土地管理法》、《中华人民共和国城市房地产管理法》、《中华人民共和国农村土地承包法》等六个重要的法律文件。 | |
| 410 | 0 | @12001 @a用法条注释法条 |
| 606 | 0 | @a土地法@Atu di fa@x法律解释@y中国@j汇编 |
| 690 | @aD922.305@v4 | |
| 711 | 02 | @a中国法制出版社@Azhong guo fa zhi chu ban she@4编 |
| 801 | 0 | @aCN@bQSSK@c20080123 |
| 905 | @b280114-15@dD922.305@eZ562@f2 | |
| 土地房产法律关联集成.-北京:中国法制出版社,2007.11 |
| 634页;21cm.-(用法条注释法条) |
| ISBN 978-7-80226-305-5:CNY45.00 |
| 本书“土地房产”主题包括《中华人民共和国土地管理法》、《中华人民共和国城市房地产管理法》、《中华人民共和国农村土地承包法》等六个重要的法律文件。 |
| ● |
| 相关链接 |
|
|
|
正题名:土地房产法律关联集成
索取号:D922.305/Z562
 
预约/预借
| 序号 | 登录号 | 条形码 | 馆藏地/架位号 | 状态 | 备注 |
| 1 | 280114 | 202801147 | 社科库509/509社科库 89排4列3层/ [索取号:D922.305/Z562] | 在馆 | |
| 2 | 280115 | 202801156 | 测绘与城市空间信息学院资料室/ [索取号:D922.305/Z562] | 在馆 |